000 00877cai a22001815a 4500
001 E148529
008 090929u xxk g 000 0 eng d
035 _a(Sirsi) u148529
041 0 _aeng
110 2 _aUnited Kingdom
_bSupreme Court
_95798
245 0 4 _aThe Supreme Court
_h[electronic resource]
520 _aWebsite for The Supreme Court, which is the final court of appeal in the UK for civil cases. The Court hears appeals in criminal cases from England, Wales and Northern Ireland, and hears those cases of most importance affecting the whole population. Includes sections on the history of the Supreme Court, decided cases, court procedures, news and publications.
590 _aKA
651 4 _aUnited Kingdom
_y1973-
690 _aPROPERTY
856 4 0 _uhttps://www.supremecourt.gov.uk/
_zView the website free of charge at www.supremecourt.gov.uk...
942 _n0
999 _c120829
_d120829